[Event "Chennai WinTV op 1st"]
[Site "Chennai"]
[Date "2004.01.24"]
[Round "5"]
[White "Bartakke, Amardeep S"]
[Black "Palaniappan, AI."]
[Result "1-0"]
[WhiteElo "2279"]
[BlackElo "2088"]
[PlyCount "61"]
[EventDate "2004.01.21"]
[EventType "swiss"]
[EventRounds "13"]
[EventCountry "IND"]
[SourceTitle "CBM 098 Extra"]
[Source "ChessBase"]
[SourceDate "2004.03.10"]
[SourceVersion "2"]
[SourceVersionDate "2004.03.10"]
[SourceQuality "1"]

1. e4 e6 2. d4 d5 3. Nd2 Nf6 4. e5 Nfd7 5. Bd3 c5 6. c3 Nc6 7. Ne2 Qb6 8. Nf3 cxd4 9. cxd4 Bb4+ 10. Bd2 Bxd2+ 11. Qxd2 Qb4 12. Rc1 Nb6 13. Nc3 a6 14. a3 Qe7 15. 0-0 Bd7 16. Ne2 Rc8 17. Ng3 0-0 18. Nh5 Na7 19. Ng5 h6 20. Nh7 Rxc1 21. Rxc1 Rc8 22. Rxc8+ Bxc8 23. Qf4 Kh8 24. Qg4 g6 25. N7f6 Qc7 26. h4 Qc1+ 27. Kh2 g5 28. hxg5 Qxg5 29. Qh3 Qc1 30. f4 Qc7 31. Qg4 1-0

[Event "Chennai WinTV op 1st"]
[Site "Chennai"]
[Date "2004.01.22"]
[Round "3"]
[White "Visweswaran, Kameswaran"]
[Black "Palaniappan, AI."]
[Result "1-0"]
[WhiteElo "2325"]
[BlackElo "2088"]
[PlyCount "43"]
[EventDate "2004.01.21"]
[EventType "swiss"]
[EventRounds "13"]
[EventCountry "IND"]
[SourceTitle "CBM 098 Extra"]
[Source "ChessBase"]
[SourceDate "2004.03.10"]
[SourceVersion "2"]
[SourceVersionDate "2004.03.10"]
[SourceQuality "1"]

1. e4 e6 2. d4 d5 3. Nc3 Nf6 4. e5 Nfd7 5. f4 c5 6. Nf3 Nc6 7. Be3 a6 8. Qd2 Be7 9. Be2 c4 10. 0-0 b5 11. f5 Bb4 12. fxe6 fxe6 13. Ng5 Bxc3 14. bxc3 Qe7 15. Rf7 Qxf7 16. Nxf7 Kxf7 17. Bh5+ g6 18. Rf1+ Ke8 19. Bg4 Nd8 20. Bg5 Nb6 21. Qf2 Ra7 22. Bxd8 1-0